Management in Nigeria: Theories and Issues (Record no. 1977)

MARC details
000 -LEADER
fixed length control field 00332nam a22001217a 4500
008 - FIXED-LENGTH DATA ELEMENTS--GENERAL INFORMATION
fixed length control field 250218b |||||||| |||| 00| 0 eng d
100 ## - MAIN ENTRY--AUTHOR
Author EJIOFOR, O. Pita
245 ## - TITLE STATEMENT
Title Management in Nigeria: Theories and Issues
260 ## - PUBLICATION, DISTRIBUTION, ETC. (IMPRINT)
Place of publication Ibadan
Name of publisher Africana- First Publishers Plc.
Date of publication 2009
300 ## - COLLATION
Pagination xi, 295p.
942 ## - ADDED ENTRY ELEMENTS (KOHA)
Item type Books
050 ## - LIBRARY OF CONGRESS CALL NUMBER
Classification number HD38
Item number .E35
Holdings
Source of classification or shelving scheme Not for loan Permanent location Current location Date acquired Accession No. Full call number Barcode. Koha item type
Library of Congress Classification   Samuel Ogbemudia Main Library, University of Abuja Samuel Ogbemudia Main Library, University of Abuja 02/18/2025 2014/44197 HD38.E35 2025-0113 Books